Loading...
| Fine Arts - Classical Music | 0 | 1 | 0 | 0 | 10 | 19 | 19.00 | 0 | 1 |
| Fine Arts - Other Fine Arts | 0 | 1 | 0 | 0 | 10 | 133 | 133.00 | 0 | 0 |
| History - Other History | 0 | 1 | 0 | 0 | 10 | 128 | 128.00 | 0 | 0 |
| Literature - World Literature | 0 | 1 | 0 | 0 | 10 | 131 | 131.00 | 0 | 0 |
| Mythology | 0 | 1 | 0 | 0 | 10 | 115 | 115.00 | 0 | 0 |
| Social Science | 0 | 1 | 0 | 0 | 10 | 43 | 43.00 | 1 | 1 |
| History - American History | 0 | 1 | 1 | 0 | 5 | 102 | 102.00 | 0 | 0 |
| Science - Physics | 0 | 0 | 0 | 0 | 0 | 0.00 | 0 | 0 | |
| Other Academic | 0 | 0 | 1 | 0 | -5 | 0.00 | 0 | 0 | |
| Pop Culture | 0 | 0 | 1 | 0 | -5 | 0.00 | 0 | 0 | |
| Religion | 0 | 0 | 1 | 0 | -5 | 0.00 | 0 | 0 | |
| Science - Biology | 0 | 0 | 1 | 0 | -5 | 0.00 | 0 | 0 |